Python Programming for Students (Record no. 13359)

MARC details
000 -LEADER
fixed length control field 00418nam a22001697a 4500
003 - CONTROL NUMBER IDENTIFIER
control field OSt
008 - FIXED-LENGTH DATA ELEMENTS--GENERAL INFORMATION
fixed length control field 250421b |||||||| |||| 00| 0 eng d
020 ## - INTERNATIONAL STANDARD BOOK NUMBER
International Standard Book Number 9789355516084
082 ## - DEWEY DECIMAL CLASSIFICATION NUMBER
Classification number 005.133 RAP
100 ## - MAIN ENTRY--PERSONAL NAME
Personal name RAHEJA,Nidhi Grover
245 ## - TITLE STATEMENT
Title Python Programming for Students
250 ## - EDITION STATEMENT
Edition statement 1st Ed
260 ## - PUBLICATION, DISTRIBUTION, ETC. (IMPRINT)
Place of publication, distribution, etc New Delhi
Name of publisher, distributor, etc BPB
Date of publication, distribution, etc 2024
300 ## - PHYSICAL DESCRIPTION
Extent 359
650 ## - SUBJECT ADDED ENTRY--TOPICAL TERM
Topical term or geographic name as entry element Python Programming for Students
942 ## - ADDED ENTRY ELEMENTS (KOHA)
Source of classification or shelving scheme Dewey Decimal Classification
Koha item type Text Books
Holdings
Withdrawn status Lost status Source of classification or shelving scheme Damaged status Not for loan Collection code Home library Current library Date acquired Source of acquisition Currency Cost, normal purchase price Bill Number Total Checkouts Full call number Acc. no. / Barcode Date last seen Actual Cost, discounted price Bill Date Koha item type Date last borrowed Checked out
    Dewey Decimal Classification     MBA PIET C-LIBRARY PIET C-LIBRARY 11/04/2025 Zaffa Books INR 799.00 ZBD0031   005.133 RAP 39380 21/04/2025 583.27 11/04/2025 Reference Books    
    Dewey Decimal Classification     MBA PIET C-LIBRARY PIET C-LIBRARY 11/04/2025 Zaffa Books INR 799.00 ZBD0031 1 005.133 RAP 39381 13/05/2025 583.27 11/04/2025 Text Books 30/04/2025  
    Dewey Decimal Classification     MBA PIET C-LIBRARY PIET C-LIBRARY 11/04/2025 Zaffa Books INR 799.00 ZBD0031 1 005.133 RAP 39382 14/05/2025 583.27 11/04/2025 Text Books 30/04/2025  
    Dewey Decimal Classification     MBA PIET C-LIBRARY PIET C-LIBRARY 11/04/2025 Zaffa Books INR 799.00 ZBD0031 1 005.133 RAP 39383 14/05/2025 583.27 11/04/2025 Text Books 30/04/2025  
    Dewey Decimal Classification     MBA PIET C-LIBRARY PIET C-LIBRARY 11/04/2025 Zaffa Books INR 799.00 ZBD0031 4 005.133 RAP 39384 11/02/2026 583.27 11/04/2025 Text Books 11/02/2026 31/08/2026

Design & Developed by: PIET Central Library
R70 Miles Stone Pattikalyana Samalkha Panipat 132102
mail ID :- [email protected], Phone No:- 0180-2569700 Ex.216